1794 1863 1180 1962 1557 1029 1986 1741 1547 1923 1708 1088 1725 1417 1778 1301 1852 1511 1209 1084 1627 1386 1756 1746 1638 1259 1827 1866 1950 1001 1807 1297 1467 1691 1281 1443 1888 1521 1955 1946 1936 1939 1554 1315 1087 1229 1619 1553 1335 1762 1018 1525 1034 1550 1314 1582 1700 1012 1325 1757 1644 1306 1513 1348 1102 1465 1315 1026 1037 1337 1070 1601 1440 1024 1942 1177 1767 1847 1342 1127 1304 1565 1583 1968 1166 1971 1225 1007 1185 1431 1813 1711 1091 1859 1753 1879 1578 1677 1033 BCNSPRNW ULIB Ver.6.0+V

เปลี่ยนเป็นภาษาไทย

Change to English
 แสดงรายละเอียดบรรณานุกรม
  กลับหน้าหลัก

Brief Record : Get Marc (ISO 2709) : E-mail record : QR code < ปิดหน้าต่าง
LEADER : 00000nam 2200000uu 4500
001    13399126960
003     ULIB
008    190917s2561||||th 000 0 tha d
020    ^a9789744219169
060 04 ^aW13^bพ164ศ
100 0  ^aพงษ์ศักดิ์ เจริญงาม
245 10 ^aศัพท์แพทย์พื้นฐาน/^cพงษ์ศักดิ์ เจริญงาม
250    ^aพิมพ์ครั้งที่ 1
260    ^aกรุงเทพฯ :^bฝ่ายธุรกิจมัลติมีเดียเพื่อการศึกษา มหาวิทยาลัยราชภัฏสวนสุนันทา,^c2561.
300    ^a602 หน้า :^bภาพประกอบ;^c25 ซม.
650  7 ^aการแพทย์^xคำย่อ
650  7 ^aการแพทย์^xคำศัพท์
650  7 ^aแพทยศาสตร์^xคำย่อ
650  7 ^aแพทยศาสตร์^xคำศัพท์
945    ^p189^l0^i006006
945    ^p189^l0^i006001
945    ^p189^l0^i005997
945    ^p189^l0^i005996
945    ^p189^l0^i005995
945    ^p189^l0^i005994
945    ^p189^l0^i005992
945    ^p189^l0^i006000
945    ^p189^l0^i005999
945    ^p189^l0^i006003
945    ^p189^l0^i005998
945    ^p189^l0^i005993
945    ^p189^l0^i006002
945    ^p189^l0^i006005
945    ^p189^l0^i006004
999    ^aประนอม เกษจรัล
รายการนี้ยังไม่มีแท็ก
คุณยังไม่ได้ล็อกอิน คุณสามารถมีกิจกรรมร่วมกับเว็บไซต์ได้ แต่ต้องล็อกอินก่อน ::
  ล็อกอิน

รายการสื่อสารสนเทศ

ลำดับที่ ประเภท เลขเรียก/บาร์โค้ด สถานที่ สถานะ
1. วิทยาศาสตร์การแพทย์ และสุขภาพ
หนังสือสำรอง
สถานะ=หนังสือสำรอง
W13 พ164ศ ฉ.1 
  Barcode: 005992
ห้องสมุดวิทยาเขตสวรรค์ประชารักษ์
►หนังสือทั่วไป
บนชั้น
2. วิทยาศาสตร์การแพทย์ และสุขภาพ
วิทยาศาสตร์การแพทย์ และสุขภาพ
W13 พ164ศ ฉ.10 
  Barcode: 006001
ห้องสมุดวิทยาเขตสวรรค์ประชารักษ์
►หนังสือทั่วไป
บนชั้น
3. วิทยาศาสตร์การแพทย์ และสุขภาพ
วิทยาศาสตร์การแพทย์ และสุขภาพ
W13 พ164ศ ฉ.11 
  Barcode: 006002
ห้องสมุดวิทยาเขตสวรรค์ประชารักษ์
►หนังสือทั่วไป
บนชั้น
4. วิทยาศาสตร์การแพทย์ และสุขภาพ
วิทยาศาสตร์การแพทย์ และสุขภาพ
W13 พ164ศ ฉ.12 
  Barcode: 006003
ห้องสมุดวิทยาเขตสวรรค์ประชารักษ์
►หนังสือทั่วไป
บนชั้น
5. วิทยาศาสตร์การแพทย์ และสุขภาพ
วิทยาศาสตร์การแพทย์ และสุขภาพ
W13 พ164ศ ฉ.13 
  Barcode: 006004
ห้องสมุดวิทยาเขตสวรรค์ประชารักษ์
►หนังสือทั่วไป
บนชั้น
6. วิทยาศาสตร์การแพทย์ และสุขภาพ
วิทยาศาสตร์การแพทย์ และสุขภาพ
W13 พ164ศ ฉ.14 
  Barcode: 006005
ห้องสมุดวิทยาเขตสวรรค์ประชารักษ์
►หนังสือทั่วไป
บนชั้น
7. วิทยาศาสตร์การแพทย์ และสุขภาพ
วิทยาศาสตร์การแพทย์ และสุขภาพ
W13 พ164ศ ฉ.15 
  Barcode: 006006
ห้องสมุดวิทยาเขตสวรรค์ประชารักษ์
►หนังสือทั่วไป
บนชั้น
8. วิทยาศาสตร์การแพทย์ และสุขภาพ
วิทยาศาสตร์การแพทย์ และสุขภาพ
W13 พ164ศ ฉ.2 
  Barcode: 005993
ห้องสมุดวิทยาเขตสวรรค์ประชารักษ์
►หนังสือทั่วไป
บนชั้น
9. วิทยาศาสตร์การแพทย์ และสุขภาพ
วิทยาศาสตร์การแพทย์ และสุขภาพ
W13 พ164ศ ฉ.3 
  Barcode: 005994
ห้องสมุดวิทยาเขตสวรรค์ประชารักษ์
►หนังสือทั่วไป
บนชั้น
10. วิทยาศาสตร์การแพทย์ และสุขภาพ
วิทยาศาสตร์การแพทย์ และสุขภาพ
W13 พ164ศ ฉ.4 
  Barcode: 005995
ห้องสมุดวิทยาเขตสวรรค์ประชารักษ์
►หนังสือทั่วไป
บนชั้น
11. วิทยาศาสตร์การแพทย์ และสุขภาพ
วิทยาศาสตร์การแพทย์ และสุขภาพ
W13 พ164ศ ฉ.5 
  Barcode: 005996
ห้องสมุดวิทยาเขตสวรรค์ประชารักษ์
►หนังสือทั่วไป
บนชั้น
12. วิทยาศาสตร์การแพทย์ และสุขภาพ
วิทยาศาสตร์การแพทย์ และสุขภาพ
W13 พ164ศ ฉ.6 
  Barcode: 005997
ห้องสมุดวิทยาเขตสวรรค์ประชารักษ์
►หนังสือทั่วไป
บนชั้น
13. วิทยาศาสตร์การแพทย์ และสุขภาพ
วิทยาศาสตร์การแพทย์ และสุขภาพ
W13 พ164ศ ฉ.7 
  Barcode: 005998
ห้องสมุดวิทยาเขตสวรรค์ประชารักษ์
►หนังสือทั่วไป
บนชั้น
14. วิทยาศาสตร์การแพทย์ และสุขภาพ
วิทยาศาสตร์การแพทย์ และสุขภาพ
W13 พ164ศ ฉ.8 
  Barcode: 005999
ห้องสมุดวิทยาเขตสวรรค์ประชารักษ์
►หนังสือทั่วไป
บนชั้น
15. วิทยาศาสตร์การแพทย์ และสุขภาพ
วิทยาศาสตร์การแพทย์ และสุขภาพ
W13 พ164ศ ฉ.9 
  Barcode: 006000
ห้องสมุดวิทยาเขตสวรรค์ประชารักษ์
►หนังสือทั่วไป
บนชั้น

รายการใกล้เคียง
    ผู้แต่ง [พงษ์ศักดิ์ เจริญงาม]

BibComment


ยังไม่เคยถูกคอมเมนท์

คอมเมนท์ทรัพยากรรายการนี้
  คอมเมนท์: ศัพท์แพทย์พื้นฐา..


 Copyright 2026. Bcnsprnw @Library